| 000 | 00457nam a2200181Ia 4500 | ||
|---|---|---|---|
| 005 | 20221214105336.0 | ||
| 008 | 131103s9999 xx 000 0 und d | ||
| 040 | _aLoreto College | ||
| 041 | _aEnglish | ||
| 082 |
_a812.54 _bMAC |
||
| 100 | _aMacleish,Archibald | ||
| 245 |
_aJ.B _b a play in verse _cArchibald Macleish |
||
| 260 |
_aLondon _bSecker & Warburg _c1959 |
||
| 300 | _a128 p. | ||
| 650 | _aAmerican Drama | ||
| 850 | _aLCLIB | ||
| 942 | _cBK | ||
| 999 |
_c12149 _d62628 |
||